000 00755nam a2200169 i 4500
001 165821
003 ES-MaACL
005 20230906213218.0
008 050907m18991920xxk | |||||||| ||eng d
040 _aCAM
_bspa
_cCAM
100 1 _aStrutt, John William.
_9132930
245 1 0 _aScientific papers /
_cby John William Strutt.
260 _aCambridge [etc.] :
_b[s.n.],
_c1899-1920 (
_fUniversity Press [etc.])
300 _a6 v. ;
_c27 cm.
505 8 _aContiene: T.I (1899), 1869-1881 (XV, 562 p.) - T.II(1900), 1881-1887 (XIV, 598 p.) - T.III(1902), 1887-1892 (XII, 596 p.) - T.IV(1903), 1892-1901 (XIV, 604 p., [1] h. de lám.) - T.V(1912), 1902-1910 (XII, 624 p.) - T.VI(1920), 1911-1919 (XVI, 718 p.)
852 _aES-MaACL
_jG-7465-70
_z-- Enc. tela
999 _c165821
_d165821